[Event "22nd Karpov Int."]
[Site "Khanty-Mansiysk RUS"]
[Date "2025.07.15"]
[Round "1.1"]
[White "Artemiev, Vladislav"]
[Black "Sadhwani, Raunak"]
[Result "1/2-1/2"]
[WhiteTitle "GM"]
[BlackTitle "GM"]
[WhiteElo "2672"]
[BlackElo "2681"]
[WhiteFideId "24101605"]
[BlackFideId "35093487"]
[EventDate "2025.07.15"]

1. Nf3 d5 2. g3 g6 3. Bg2 Bg7 4. d4 Nf6 5. O-O O-O 6. c4 dxc4 7. Na3 c5 8. Nxc4
Be6 9. Nfe5 Qc8 10. Bd2 Bh3 11. Rc1 Bxg2 12. Kxg2 cxd4 13. Nb6 Qe6 14. Nxa8 Qxe5
15. Nc7 Nc6 16. Bf4 Qa5 17. Qb3 e5 18. Qxb7 Nd8 19. Qb5 Qxb5 20. Nxb5 a6 21.
Bxe5 axb5 22. Bxd4 Ne6 23. Rfd1 b4 24. Rc4 Ra8 25. Be5 Ne8 26. Bxg7 Kxg7 27. Ra1
Rb8 28. a3 bxa3 29. bxa3 Ra8 30. a4 Ra5 31. Rd1 N8c7 32. Rd7 h5 33. e3 Kf8 34.
h3 Ke8 35. Rd2 Nc5 36. Rb2 Ke7 37. Kf1 N7a6 38. Ra2 Nc7 39. Rb4 N7a6 40. Rd4 Nc7
41. Kg2 N7e6 42. Rb4 Kf8 43. Kf1 Ke7 44. Ke2 Kd6 45. f3 Ke7 46. Ra3 Nd8 47. Kf2
Nde6 48. e4 Nc7 49. Kg2 N7a6 50. Rd4 Nb8 51. Rc4 Nbd7 52. Rb4 Kd6 53. f4 Kc6 54.
e5 Nb6 55. Rd4 Kc7 56. Rc3 Nxa4 57. Rxa4 Rxa4 58. Rxc5+ Kd7 59. Rd5+ Ke7 60. Kf3
Ra3+ 61. Kf2 h4 62. gxh4 1/2-1/2

[Event "22nd Karpov Int."]
[Site "Khanty-Mansiysk RUS"]
[Date "2025.07.15"]
[Round "1.2"]
[White "Nesterov, Arseniy"]
[Black "Sjugirov, Sanan"]
[Result "1/2-1/2"]
[WhiteTitle "GM"]
[BlackTitle "GM"]
[WhiteElo "2601"]
[BlackElo "2635"]
[WhiteFideId "24198455"]
[BlackFideId "4189302"]
[EventDate "2025.07.15"]

1. d4 Nf6 2. c4 e6 3. Nc3 Bb4 4. e3 O-O 5. Bd3 d5 6. a3 Bxc3+ 7. bxc3 dxc4 8.
Bxc4 c5 9. Nf3 Qc7 10. Be2 b6 11. Bb2 Bb7 12. O-O Nc6 13. dxc5 Na5 14. c4 Qxc5
15. Bd4 Qe7 16. Bc3 1/2-1/2

[Event "22nd Karpov Int."]
[Site "Khanty-Mansiysk RUS"]
[Date "2025.07.15"]
[Round "1.3"]
[White "Martirosyan, Haik M."]
[Black "Sargsyan, Shant"]
[Result "1/2-1/2"]
[WhiteTitle "GM"]
[BlackTitle "GM"]
[WhiteElo "2628"]
[BlackElo "2669"]
[WhiteFideId "13306553"]
[BlackFideId "13306766"]
[EventDate "2025.07.15"]

1. Nf3 Nf6 2. c4 e6 3. g3 d5 4. Bg2 Be7 5. O-O O-O 6. d4 dxc4 7. Qa4 a6 8. Qxc4
b5 9. Qc2 Bb7 10. Bd2 Be4 11. Qc1 Bb7 12. Qc2 Be4 13. Qc1 Bb7 14. Qc2 Be4 1/2-1/2

[Event "22nd Karpov Int."]
[Site "Khanty-Mansiysk RUS"]
[Date "2025.07.15"]
[Round "1.5"]
[White "Vokhidov, Shamsiddin"]
[Black "Vallejo Pons, Francisco"]
[Result "1/2-1/2"]
[WhiteTitle "GM"]
[BlackTitle "GM"]
[WhiteElo "2650"]
[BlackElo "2638"]
[WhiteFideId "14204223"]
[BlackFideId "2205530"]
[EventDate "2025.07.15"]

1. e4 c5 2. Nf3 g6 3. c3 d5 4. e5 Bg4 5. Bb5+ Nc6 6. Bxc6+ bxc6 7. O-O Nh6 8. d3
Bxf3 9. Qxf3 Nf5 10. e6 fxe6 11. Re1 Bg7 12. Nd2 e5 13. Nb3 c4 14. dxc4 O-O 15.
Qe2 Qb6 16. Be3 Nxe3 17. Qxe3 Rab8 18. Nc5 Bh6 19. Qxh6 Qxc5 20. Qd2 Qxc4 21.
Rxe5 Qf4 22. Qxf4 Rxf4 23. b3 Kf7 24. Rae1 Rb7 25. f3 Rf5 26. Kf2 c5 27. R5e3 a5
28. g4 Rf6 29. Re5 Rd6 30. Rd1 e6 31. c4 a4 32. cxd5 exd5 33. Rdxd5 Rxd5 34.
Rxd5 axb3 35. axb3 Rxb3 36. Rxc5 h6 37. Rc7+ Kg8 38. h4 Ra3 39. Re7 Rb3 40. Kg3
Rb4 41. Re4 Rb5 42. Rc4 g5 43. Rc6 Kg7 44. Rc7+ Kg8 45. Re7 Ra5 46. Re2 Kg7 47.
Rd2 Rb5 48. Rd7+ Kg8 49. Rd6 1/2-1/2

[Event "22nd Karpov Int."]
[Site "Khanty-Mansiysk RUS"]
[Date "2025.07.16"]
[Round "2.1"]
[White "Sadhwani, Raunak"]
[Black "Vallejo Pons, Francisco"]
[Result "1/2-1/2"]
[WhiteTitle "GM"]
[BlackTitle "GM"]
[WhiteElo "2681"]
[BlackElo "2638"]
[WhiteFideId "35093487"]
[BlackFideId "2205530"]
[EventDate "2025.07.15"]

1. e4 c5 2. Nf3 Nc6 3. Bb5 g6 4. Bxc6 bxc6 5. O-O Bg7 6. Re1 e5 7. c3 Ne7 8. d4
cxd4 9. cxd4 exd4 10. Nxd4 O-O 11. Nc3 Rb8 12. Nb3 d5 13. Bg5 h6 14. Be3 dxe4
15. Nxe4 Nf5 16. Bxa7 Ra8 17. Qxd8 Rxd8 18. Bb6 Rf8 19. Bc5 Rd8 20. Bb6 Rf8 21.
Bc5 Rd8 22. Bb6 1/2-1/2

[Event "22nd Karpov Int."]
[Site "Khanty-Mansiysk RUS"]
[Date "2025.07.16"]
[Round "2.2"]
[White "Tabatabaei, M. Amin"]
[Black "Vokhidov, Shamsiddin"]
[Result "1-0"]
[WhiteTitle "GM"]
[BlackTitle "GM"]
[WhiteElo "2659"]
[BlackElo "2650"]
[WhiteFideId "12521213"]
[BlackFideId "14204223"]
[EventDate "2025.07.15"]

1. Nf3 Nf6 2. c4 e6 3. g3 d5 4. Bg2 Be7 5. O-O O-O 6. d4 dxc4 7. Qc2 a6 8. a4
Bd7 9. Qxc4 Bc6 10. Bg5 Bd5 11. Qc2 Be4 12. Qc1 Nc6 13. Nbd2 Nxd4 14. Nxd4 Bxg2
15. Nxe6 Qd6 16. Nxf8 Bxf1 17. Bxf6 Bxf8 18. Bxg7 Bxe2 19. Bxf8 Rxf8 20. Ne4 Qe5
21. Qe3 Bc4 22. Rd1 f5 23. Rd4 Bd5 24. Nf6+ Qxf6 25. Rxd5 f4 26. Qd2 Rf7 27. g4
Qe7 28. Qd4 Qf6 29. Kg2 Qc6 30. Qe4 f3+ 31. Kg3 Qc1 32. Qe8+ Rf8 33. Qe6+ Kh8
34. Qe5+ Kg8 1-0

[Event "22nd Karpov Int."]
[Site "Khanty-Mansiysk RUS"]
[Date "2025.07.16"]
[Round "2.3"]
[White "Sargsyan, Shant"]
[Black "Malakhov, Vladimir"]
[Result "1/2-1/2"]
[WhiteTitle "GM"]
[BlackTitle "GM"]
[WhiteElo "2669"]
[BlackElo "2642"]
[WhiteFideId "13306766"]
[BlackFideId "4120787"]
[EventDate "2025.07.15"]

1. d4 d5 2. c4 c6 3. Nf3 Nf6 4. Nc3 a6 5. c5 Bf5 6. Qb3 Ra7 7. Nh4 Bg6 8. g3
Nbd7 9. Bg2 e6 10. Nxg6 hxg6 11. Na4 Be7 12. h4 e5 13. dxe5 Nxe5 14. Bf4 Qa5+
15. Bd2 Qb5 16. Qc2 Nc4 17. Bc3 Bxc5 18. b3 Na3 19. Qc1 d4 20. Nxc5 1/2-1/2

[Event "22nd Karpov Int."]
[Site "Khanty-Mansiysk RUS"]
[Date "2025.07.16"]
[Round "2.4"]
[White "Sjugirov, Sanan"]
[Black "Martirosyan, Haik M."]
[Result "1/2-1/2"]
[WhiteTitle "GM"]
[BlackTitle "GM"]
[WhiteElo "2635"]
[BlackElo "2628"]
[WhiteFideId "4189302"]
[BlackFideId "13306553"]
[EventDate "2025.07.15"]

1. c4 e6 2. Nc3 d5 3. d4 Nf6 4. Bg5 Be7 5. e3 h6 6. Bh4 O-O 7. Nf3 Nbd7 8. Rc1
c5 9. cxd5 Nxd5 10. Bxe7 Nxe7 11. Bb5 cxd4 12. Qxd4 Nf6 13. O-O Qxd4 14. Nxd4
Rd8 15. Rfd1 Bd7 16. Be2 Nc6 17. Ndb5 Kf8 18. Nd6 Rab8 19. Rd2 Be8 20. Rcd1 Nd5
21. Nxd5 Rxd6 22. Nc7 Rxd2 23. Rxd2 Rc8 24. Nxe8 Kxe8 25. f4 Nb8 26. Kf2 Ke7 27.
Bd3 1/2-1/2

[Event "22nd Karpov Int."]
[Site "Khanty-Mansiysk RUS"]
[Date "2025.07.16"]
[Round "2.5"]
[White "Artemiev, Vladislav"]
[Black "Nesterov, Arseniy"]
[Result "1/2-1/2"]
[WhiteTitle "GM"]
[BlackTitle "GM"]
[WhiteElo "2672"]
[BlackElo "2601"]
[WhiteFideId "24101605"]
[BlackFideId "24198455"]
[EventDate "2025.07.15"]

1. e4 e6 2. d4 d5 3. Nd2 c5 4. Ngf3 cxd4 5. Nxd4 Nc6 6. Nxc6 bxc6 7. Bd3 Nf6 8.
O-O Qc7 9. Qe2 Bd6 10. h3 O-O 11. b3 Bh2+ 12. Kh1 Be5 13. Rb1 Bc3 14. f4 e5 15.
exd5 cxd5 16. fxe5 Bxe5 17. Ba3 Re8 18. Rxf6 gxf6 19. Rf1 f5 20. Nf3 Bd7 21.
Nxe5 Qxe5 22. Qf2 Re6 23. Bc5 Rg6 24. Bxa7 Qg3 25. Qxg3 Rxg3 26. Bf2 Rxd3 27.
cxd3 Rxa2 28. Bd4 Ra3 29. Rf3 f4 30. b4 f5 31. Be5 Rb3 32. Bxf4 Rxb4 33. Rg3+
Kf7 34. Be5 d4 35. Rf3 Ke6 36. Bg7 Bc6 37. Rf2 Bb5 38. Rf4 Bxd3 39. Rxd4 Rxd4 1/2-1/2

[Event "22nd Karpov Int."]
[Site "Khanty-Mansiysk RUS"]
[Date "2025.07.17"]
[Round "3.1"]
[White "Nesterov, Arseniy"]
[Black "Sadhwani, Raunak"]
[Result "1/2-1/2"]
[WhiteTitle "GM"]
[BlackTitle "GM"]
[WhiteElo "2601"]
[BlackElo "2681"]
[WhiteFideId "24198455"]
[BlackFideId "35093487"]
[EventDate "2025.07.15"]

1. d4 Nf6 2. c4 e6 3. g3 d5 4. Nf3 Bb4+ 5. Bd2 Be7 6. Bg2 O-O 7. O-O c6 8. Qc2
Nbd7 9. Bf4 a5 10. Rd1 b6 11. Ne5 Nxe5 12. dxe5 Nd7 13. cxd5 cxd5 14. e4 d4 15.
Rxd4 g5 16. Bc1 Qe8 17. Rd1 Nxe5 18. Be3 Ba6 19. Bxb6 Qc6 20. Qxc6 Nxc6 21. e5
Rfc8 22. Bxc6 Rxc6 23. Bd4 Rc2 24. Na3 Re2 25. Re1 Rc8 26. Rxe2 Bxe2 27. Re1 Bf3
28. Nb5 g4 29. Bc3 a4 30. Nd6 Rc6 31. Nb5 Rc8 32. Nd6 Rb8 33. a3 Kg7 34. Bb4 Kg6
35. Rc1 Bf8 36. Rc4 Bg7 37. Bc3 Rd8 38. Rc8 Rd7 39. Kf1 h5 40. Re8 Kh7 41. Bd4
Bh6 42. Be3 Bg7 43. Bd4 Bh6 44. Be3 Bg7 1/2-1/2

[Event "22nd Karpov Int."]
[Site "Khanty-Mansiysk RUS"]
[Date "2025.07.17"]
[Round "3.2"]
[White "Martirosyan, Haik M."]
[Black "Artemiev, Vladislav"]
[Result "1/2-1/2"]
[WhiteTitle "GM"]
[BlackTitle "GM"]
[WhiteElo "2628"]
[BlackElo "2672"]
[WhiteFideId "13306553"]
[BlackFideId "24101605"]
[EventDate "2025.07.15"]

1. d4 Nf6 2. c4 e6 3. Nf3 d5 4. Nc3 c5 5. cxd5 cxd4 6. Qxd4 exd5 7. Bg5 Be7 8.
e3 O-O 9. Rd1 Be6 10. Bd3 h6 11. Bh4 Qa5 12. Bb1 Qa6 13. Qd3 Qxd3 14. Bxd3 Nc6
15. h3 g5 16. Bg3 Ne4 17. Nxe4 dxe4 18. Bxe4 Bxa2 19. Bd6 Rfe8 20. Bxe7 Rxe7 21.
Bd5 Bxd5 22. Rxd5 Re4 23. Kd2 Kg7 24. Rc1 Rb4 25. Rc2 Rb6 26. Rd6 Rd8 27. Rxd8 1/2-1/2

[Event "22nd Karpov Int."]
[Site "Khanty-Mansiysk RUS"]
[Date "2025.07.17"]
[Round "3.3"]
[White "Malakhov, Vladimir"]
[Black "Sjugirov, Sanan"]
[Result "1/2-1/2"]
[WhiteTitle "GM"]
[BlackTitle "GM"]
[WhiteElo "2642"]
[BlackElo "2635"]
[WhiteFideId "4120787"]
[BlackFideId "4189302"]
[EventDate "2025.07.15"]

1. Nf3 d5 2. g3 g6 3. Bg2 Bg7 4. d4 Nf6 5. O-O O-O 6. c4 dxc4 7. Na3 c5 8. dxc5
c3 9. Nb5 Na6 10. Nxc3 Nxc5 11. Be3 Nce4 12. Nxe4 Nxe4 13. Bd4 Bxd4 14. Qxd4
Qxd4 15. Nxd4 Nd6 16. Rfc1 Rd8 17. Rc5 Ne4 18. Bxe4 Rxd4 19. Bd3 Be6 20. a3 Rd5
21. Rxd5 Bxd5 22. Rc1 Kg7 23. f4 f5 24. Rc5 1/2-1/2

[Event "22nd Karpov Int."]
[Site "Khanty-Mansiysk RUS"]
[Date "2025.07.17"]
[Round "3.4"]
[White "Vokhidov, Shamsiddin"]
[Black "Sargsyan, Shant"]
[Result "0-1"]
[WhiteTitle "GM"]
[BlackTitle "GM"]
[WhiteElo "2650"]
[BlackElo "2669"]
[WhiteFideId "14204223"]
[BlackFideId "13306766"]
[EventDate "2025.07.15"]

1. e4 e5 2. Nf3 Nc6 3. Bb5 a6 4. Ba4 Nf6 5. O-O Be7 6. d3 b5 7. Bb3 d6 8. a4 Bd7
9. c3 O-O 10. Ba2 h6 11. h3 Re8 12. Be3 Bf8 13. Nbd2 Ne7 14. Nh4 g5 15. Nhf3 Ng6
16. Re1 c5 17. axb5 axb5 18. b4 cxb4 19. cxb4 d5 20. exd5 Bxb4 21. Qb3 Bd6 22.
Ne4 Nxe4 23. dxe4 Ra4 24. Qb1 Qf6 25. Bb3 Rxa1 26. Qxa1 Bxh3 27. Qa6 Kg7 28.
Qxb5 Rb8 29. Qd3 Bd7 30. Nd2 Nf4 31. Qf1 h5 32. g3 Bh3 33. Qa6 Rxb3 34. Nxb3 Nd3
35. Qxd3 Qf3 36. Qf1 Bxf1 37. Rxf1 Qxe4 38. Bxg5 Qxd5 39. Nc1 Bc5 40. Re1 Kg6 0-1

[Event "22nd Karpov Int."]
[Site "Khanty-Mansiysk RUS"]
[Date "2025.07.17"]
[Round "3.5"]
[White "Vallejo Pons, Francisco"]
[Black "Tabatabaei, M. Amin"]
[Result "0-1"]
[WhiteTitle "GM"]
[BlackTitle "GM"]
[WhiteElo "2638"]
[BlackElo "2659"]
[WhiteFideId "2205530"]
[BlackFideId "12521213"]
[EventDate "2025.07.15"]

1. e4 c5 2. Ne2 Nf6 3. Nbc3 d6 4. g3 g6 5. Bg2 Bg7 6. d4 cxd4 7. Nxd4 O-O 8. h3
Nc6 9. Be3 Bd7 10. Nxc6 bxc6 11. O-O Rb8 12. b3 Qc8 13. Bxa7 Rb7 14. Bd4 Bxh3
15. e5 dxe5 16. Bxe5 Qf5 17. Qe2 h5 18. Rfe1 Bxg2 19. Kxg2 h4 20. gxh4 Rb4 21.
Qf3 Rg4+ 22. Bg3 Nh5 23. Rad1 Nf4+ 24. Kf1 Bxc3 25. Qxc3 Qb5+ 26. Qc4 Qxc4+ 27.
bxc4 Ne6 28. Rd7 Re8 29. a4 Rxc4 30. Ra1 Kf8 31. a5 Ra8 32. Ra2 Nc5 33. Rc7 Ra4
34. Rxa4 Nxa4 35. Be5 Ke8 36. Rxc6 Rxa5 37. Bd4 Kd7 38. Rc4 Kd6 39. Be3 Nc5 40.
Ke2 Ne6 41. Kf3 Ra3 42. c3 Kd5 43. Rc8 Ng7 44. c4+ Ke6 45. Rc6+ Kd7 46. Rc5 Ra4
47. Ke2 Kd6 48. Rc8 Nf5 49. Rh8 Rxc4 50. h5 gxh5 51. Rxh5 Ke6 52. Rh8 Ra4 53.
Rb8 f6 54. Rb5 Nd6 55. Rc5 Kf7 56. Rd5 Kg6 57. Rd1 Nf5 58. Rg1+ Kf7 59. Rb1 e5
60. Kf3 Nh4+ 61. Kg3 Ke6 62. Rh1 Nf5+ 63. Kf3 Ra3 64. Rb1 Ne7 65. Rb6+ Kf5 66.
Rd6 Ng6 67. Ke2 Nh4 68. Bb6 Ra2+ 69. Rd2 Ra6 70. Rb2 Ra4 71. Be3 Ke4 72. Bd2 Nf3
73. Rb4+ Nd4+ 74. Kf1 Ra2 75. Be3 f5 76. Kg2 f4 77. Bc1 Ra1 78. Rc4 Kd3 79. Rc5
Rb1 80. f3 Ra1 81. Rxe5 Rxc1 82. Re4 Ne2 83. Kh3 Rg1 84. Kh4 Rg8 85. Rxf4 Rh8+ 0-1

[Event "22nd Karpov Int."]
[Site "Khanty-Mansiysk RUS"]
[Date "2025.07.18"]
[Round "4.1"]
[White "Sadhwani, Raunak"]
[Black "Tabatabaei, M. Amin"]
[Result "1/2-1/2"]
[WhiteTitle "GM"]
[BlackTitle "GM"]
[WhiteElo "2681"]
[BlackElo "2659"]
[WhiteFideId "35093487"]
[BlackFideId "12521213"]
[EventDate "2025.07.15"]

1. e4 e6 2. d4 d5 3. Nc3 Nf6 4. e5 Nfd7 5. f4 c5 6. Nf3 Nc6 7. Be3 cxd4 8. Nxd4
Qb6 9. Qd2 Qxb2 10. Rb1 Qa3 11. Bb5 Nxd4 12. Bxd4 a6 13. Bxd7+ Bxd7 14. Rb3 Qe7
15. Rxb7 Rc8 16. O-O Qd8 17. Qf2 Rxc3 18. Bxc3 Qc8 19. Rb3 Ba4 20. Bd4 Bxb3 21.
axb3 Be7 22. c3 O-O 23. b4 f6 24. Ra1 fxe5 25. Bxe5 Bf6 26. Bxf6 Rxf6 27. Qe3 h6
28. g3 1/2-1/2

[Event "22nd Karpov Int."]
[Site "Khanty-Mansiysk RUS"]
[Date "2025.07.18"]
[Round "4.2"]
[White "Sargsyan, Shant"]
[Black "Vallejo Pons, Francisco"]
[Result "1/2-1/2"]
[WhiteTitle "GM"]
[BlackTitle "GM"]
[WhiteElo "2669"]
[BlackElo "2638"]
[WhiteFideId "13306766"]
[BlackFideId "2205530"]
[EventDate "2025.07.15"]

1. e4 c5 2. Nf3 g6 3. c4 Bg7 4. d4 cxd4 5. Nxd4 Nc6 6. Be3 d6 7. Nc3 Nxd4 8.
Bxd4 Bxd4 9. Qxd4 Nf6 10. O-O-O Qa5 11. Kb1 Be6 12. f4 Rc8 13. Bd3 Qc5 14. Qxc5
Rxc5 15. b3 h5 16. h4 Ng4 17. Rd2 O-O 18. Re1 a6 19. Kb2 Kg7 20. g3 Rfc8 21. Rc2
Kf8 22. Nd5 Bxd5 23. exd5 f5 24. Re6 Kf7 25. Rce2 R5c7 26. a4 a5 27. c5 Rd8 28.
Bc4 1/2-1/2

[Event "22nd Karpov Int."]
[Site "Khanty-Mansiysk RUS"]
[Date "2025.07.18"]
[Round "4.3"]
[White "Sjugirov, Sanan"]
[Black "Vokhidov, Shamsiddin"]
[Result "1/2-1/2"]
[WhiteTitle "GM"]
[BlackTitle "GM"]
[WhiteElo "2635"]
[BlackElo "2650"]
[WhiteFideId "4189302"]
[BlackFideId "14204223"]
[EventDate "2025.07.15"]

1. e4 e5 2. Nf3 Nc6 3. Bc4 Bc5 4. d3 Nf6 5. O-O O-O 6. a4 d6 7. a5 a6 8. c3 h6
9. h3 Be6 10. Bxe6 fxe6 11. Be3 Bxe3 12. fxe3 b6 13. axb6 cxb6 14. Nbd2 b5 15.
d4 exd4 16. cxd4 e5 17. Qb3+ Kh7 18. Rfc1 Qd7 1/2-1/2

[Event "22nd Karpov Int."]
[Site "Khanty-Mansiysk RUS"]
[Date "2025.07.18"]
[Round "4.4"]
[White "Artemiev, Vladislav"]
[Black "Malakhov, Vladimir"]
[Result "1/2-1/2"]
[WhiteTitle "GM"]
[BlackTitle "GM"]
[WhiteElo "2672"]
[BlackElo "2642"]
[WhiteFideId "24101605"]
[BlackFideId "4120787"]
[EventDate "2025.07.15"]

1. e4 e5 2. Nf3 Nc6 3. Bb5 Nf6 4. d3 Bc5 5. Bxc6 dxc6 6. O-O Qe7 7. Nbd2 Bg4 8.
h3 Bh5 9. a3 Nd7 10. b4 Bd6 11. Nc4 f6 12. Ne3 Nf8 13. Nf5 Qd7 14. Ng3 Bxf3 15.
Qxf3 Ne6 16. Nf5 Rf8 17. Be3 g6 18. Nxd6+ Qxd6 19. Qg4 b6 20. Rad1 O-O-O 21. d4
f5 22. exf5 gxf5 23. dxe5 Qxe5 24. Qc4 Rxd1 25. Rxd1 Kb7 26. Re1 Rf6 27. Bd2 Qd6 1/2-1/2

[Event "22nd Karpov Int."]
[Site "Khanty-Mansiysk RUS"]
[Date "2025.07.18"]
[Round "4.5"]
[White "Nesterov, Arseniy"]
[Black "Martirosyan, Haik M."]
[Result "1/2-1/2"]
[WhiteTitle "GM"]
[BlackTitle "GM"]
[WhiteElo "2601"]
[BlackElo "2628"]
[WhiteFideId "24198455"]
[BlackFideId "13306553"]
[EventDate "2025.07.15"]

1. d4 Nf6 2. c4 e6 3. Nf3 d5 4. Nc3 c5 5. e3 Nc6 6. a3 dxc4 7. Bxc4 a6 8. O-O b5
9. Ba2 Bb7 10. Qe2 cxd4 11. Rd1 b4 12. exd4 bxc3 13. d5 Nxd5 14. Bxd5 Nd4 15.
Rxd4 Bxd5 16. bxc3 Bc5 17. Rg4 Qf6 18. Ne5 Rc8 19. c4 Ba8 20. Bb2 Rd8 21. Re1 h5
22. Nxf7 Qxf7 23. Rxg7 Qf5 24. h4 Rb8 25. Be5 Rb1 26. Rxb1 Qxb1+ 27. Kh2 Qe4 28.
Qxe4 Bxe4 29. f3 Bd3 30. Rc7 Bf8 31. c5 Rg8 32. c6 Bb5 33. Rc8+ Kf7 34. Rc7+ Kg6
35. Rc8 Kh7 36. Rc7+ Kh6 37. Rc8 Kh7 38. Rc7+ Kg6 39. Rc8 Kf7 40. Rc7+ Kg6 41.
Rc8 Kh7 42. Rc7+ 1/2-1/2

[Event "22nd Karpov Int."]
[Site "Khanty-Mansiysk RUS"]
[Date "2025.07.19"]
[Round "5.1"]
[White "Martirosyan, Haik M."]
[Black "Sadhwani, Raunak"]
[Result "1/2-1/2"]
[WhiteTitle "GM"]
[BlackTitle "GM"]
[WhiteElo "2628"]
[BlackElo "2681"]
[WhiteFideId "13306553"]
[BlackFideId "35093487"]
[EventDate "2025.07.15"]

1. d4 Nf6 2. c4 e6 3. Nc3 Bb4 4. Qc2 d5 5. cxd5 exd5 6. Bf4 O-O 7. e3 Nh5 8. Be5
Nd7 9. Be2 Nhf6 10. Bf4 Ne4 11. Nf3 Re8 12. O-O Bxc3 13. bxc3 c5 14. c4 g5 15.
Bg3 g4 16. Nh4 Nb6 17. dxc5 Nxc4 18. Rad1 Qg5 19. Bd3 h6 20. Bxe4 Rxe4 21. Qb3
Qe7 22. Rxd5 Be6 23. Rh5 Nxe3 24. Qb1 Nxf1 25. Qxe4 Nxg3 26. hxg3 Qf6 27. Nf5
Rd8 28. Qxg4+ Kf8 29. Kh2 Rd5 30. c6 bxc6 31. Qb4+ Ke8 32. Rxh6 Qxf5 33. Rh8+
Kd7 34. Qb7+ Kd6 35. Qb8+ Kc5 36. Qxa7+ Kd6 37. Qb8+ Kc5 38. Rh4 Rd3 39. f3 Kd5
40. Qd8+ Kc5 41. Qf8+ Kd5 42. Qh8 Qe5 43. Qd8+ Qd6 44. Qa8 Rd4 45. Rh5+ Kc4 46.
Qa6+ Kc3 47. Qe2 Bc4 48. Qe3+ Kc2 49. a4 Rd5 50. Qf2+ Kd1 51. Rh4 Qc5 52. Qb2
Rh5 53. a5 Ke1 54. Qb1+ Kf2 55. Qb6 Ke2 56. Qb2+ Ke3 57. Qb6 Kd3 58. Qb1+ Kc3
59. a6 Rxh4+ 60. gxh4 Qa7 61. Qa1+ Kb4 62. Qb2+ Ka5 63. h5 Qc7+ 64. Kh3 Kxa6 65.
Qd4 Qc8+ 66. g4 Qe6 67. Kh4 Qe7+ 68. Kg3 Qe1+ 69. Kf4 Qc1+ 70. Qe3 Qc2 71. Kg5
Bd3 72. f4 f5 73. gxf5 Bxf5 1/2-1/2

[Event "22nd Karpov Int."]
[Site "Khanty-Mansiysk RUS"]
[Date "2025.07.19"]
[Round "5.2"]
[White "Malakhov, Vladimir"]
[Black "Nesterov, Arseniy"]
[Result "1/2-1/2"]
[WhiteTitle "GM"]
[BlackTitle "GM"]
[WhiteElo "2642"]
[BlackElo "2601"]
[WhiteFideId "4120787"]
[BlackFideId "24198455"]
[EventDate "2025.07.15"]

1. Nf3 d5 2. e3 Nf6 3. c4 e6 4. Nc3 Be7 5. b3 O-O 6. Bb2 dxc4 7. bxc4 b6 8. g3
Bb7 9. Bg2 c5 10. O-O Nc6 11. Qe2 Qc7 12. Rfd1 Rac8 13. Rab1 Rfe8 14. Ba1 Qb8
15. d3 Bf8 16. Nd2 Red8 17. f4 Ne7 18. Nce4 Nxe4 19. Nxe4 Nf5 20. a4 Bc6 21. a5
Qb7 22. Bc3 Qa6 23. axb6 axb6 24. Be1 Nd6 25. Nc3 Bxg2 26. Qxg2 Rc7 27. g4 Rcd7
28. Qc6 Qa7 29. Kf1 Rc8 30. Qf3 Rb8 31. Rb3 Nb7 32. Nb5 Qa6 33. Qc6 Qa4 34. Nd4
Ra8 35. Qxa4 Rxa4 36. Nf3 Nd6 37. Ke2 Nc8 38. f5 Bd6 39. Bc3 exf5 40. gxf5 f6
41. h3 Bc7 42. Ra1 Rxa1 43. Bxa1 Nd6 44. e4 Rd8 45. Bb2 Ra8 46. Nd2 Kf7 47. Nb1
g6 48. fxg6+ hxg6 49. Nc3 f5 50. Nd5 Bd8 51. exf5 1/2-1/2

[Event "22nd Karpov Int."]
[Site "Khanty-Mansiysk RUS"]
[Date "2025.07.19"]
[Round "5.3"]
[White "Vokhidov, Shamsiddin"]
[Black "Artemiev, Vladislav"]
[Result "1-0"]
[WhiteTitle "GM"]
[BlackTitle "GM"]
[WhiteElo "2650"]
[BlackElo "2672"]
[WhiteFideId "14204223"]
[BlackFideId "24101605"]
[EventDate "2025.07.15"]

1. e4 e5 2. Nf3 Nc6 3. Bc4 Bc5 4. O-O d6 5. c3 Bb6 6. d3 h6 7. Nbd2 Nge7 8. b4
O-O 9. a4 a6 10. Ba2 Ng6 11. Nc4 Ba7 12. b5 Nce7 13. Ba3 axb5 14. axb5 Be6 15.
d4 exd4 16. cxd4 Bg4 17. Bb2 Nh4 18. Ncd2 d5 19. h3 Nxf3+ 20. Nxf3 Bd7 21. Qe2
Qe8 22. exd5 Bxb5 23. Bc4 Bxc4 24. Qxc4 Qd8 25. Ba3 Re8 26. Bc5 Bxc5 27. Rxa8
Qxa8 28. dxc5 Rd8 29. Rd1 b5 30. cxb6 cxb6 31. d6 Qc6 32. Ne5 Qxc4 33. Nxc4 Ng6
34. Rb1 f6 35. Rxb6 Rd7 36. g3 Kf7 37. f4 Ke6 38. Rb5 f5 39. Kf2 Ra7 40. g4 Nh4
41. Re5+ Kf6 42. Nb6 Ra2+ 43. Kf1 Rd2 44. d7 Nf3 45. Re3 fxg4 46. hxg4 Nh2+ 47.
Ke1 Rd6 48. Re8 Nxg4 49. d8=Q+ Rxd8 50. Rxd8 Kf5 51. Rf8+ Ke4 52. Rg8 h5 53.
Rxg7 Kxf4 54. Ke2 h4 55. Nd5+ Kg3 56. Ne3 1-0

[Event "22nd Karpov Int."]
[Site "Khanty-Mansiysk RUS"]
[Date "2025.07.19"]
[Round "5.4"]
[White "Vallejo Pons, Francisco"]
[Black "Sjugirov, Sanan"]
[Result "1-0"]
[WhiteTitle "GM"]
[BlackTitle "GM"]
[WhiteElo "2638"]
[BlackElo "2635"]
[WhiteFideId "2205530"]
[BlackFideId "4189302"]
[EventDate "2025.07.15"]

1. e4 e5 2. Nf3 Nc6 3. Nc3 Nf6 4. Bb5 Nd4 5. Nxd4 exd4 6. e5 dxc3 7. exf6 Qxf6
8. dxc3 c6 9. Bd3 d5 10. O-O Be6 11. Be3 Bd6 12. f4 Qh4 13. g3 Qg4 14. f5 Qxd1
15. Raxd1 Bd7 16. c4 O-O 17. cxd5 cxd5 18. c4 Rfe8 19. Bf2 g6 20. fxg6 hxg6 21.
cxd5 Re5 22. Rfe1 Rae8 23. Rxe5 Rxe5 24. Bxa7 Bg4 25. Rf1 Bh3 26. Rc1 Rxd5 27.
Bf1 Bxf1 28. Kxf1 Be5 29. Rc2 Ra5 30. Bb8 Bxb8 31. Rc8+ Kg7 32. Rxb8 Rxa2 33.
Rxb7 Kh6 34. Ke2 f5 35. h4 g5 36. hxg5+ Kxg5 37. Kd2 Ra1 38. Re7 Ra8 39. Re3 f4
40. Re5+ Kg4 41. gxf4 Kxf4 42. Rc5 Ke4 43. Kc3 Ra1 44. Kc4 Rc1+ 45. Kb5 Rh1 46.
b4 Kd4 47. Rc8 Kd5 1-0